Générique X de Clamp - Paroles - Statistiques

Statistiques générales
  • Ce quiz a été pris 2 fois
  • Le résultat moyen est 4 sur 18
Statistiques - réponses
Paroles % Correct
Brûlant pour ta {vie}
100%
Ce monde sans grand {avenir}
50%
Condamné voué au {déclin}
50%
N'offre aucun rêve, aucun {espoir}
50%
Nous gardons l'{espoir}
50%
Sens-tu dans ta main ce {pouvoir}
50%
Si rien ne change {demain}
50%
Dans ton {âme} où tu sommeilles
0%
Ensemble nous pourrons y {parvenir}
0%
Et le {désaccord}
0%
Là où tu peux y {voir}
0%
Même si je dois y {sacrifier}
0%
Même si l'on risque d'y {mourir}
0%
Plongeant dans l'{abîme}
0%
Pour une vie {meilleure}
0%
Qui nous permettrait de tout {changer} ?
0%
Tout ce qui finirait par vivre ou {exister}
0%
Tout le {futur}
0%
Aucun quiz correspondant
Distribution des résultats
% des personnes avec chaque résultat
Percentile par nombre de réponses
Votre historique - résultats
Vous n’avez pas pris ce quiz